000 00554nam a2200205Ia 4500
005 20230120110719.0
008 131103s9999 xx 000 0 und d
020 _cRs.10
040 _aLoreto College
041 _aEnglish
082 _a954.01
_bCHA
100 _aChattopadhyay,K.P.
245 _aAncient Indian culture contacts and migrations
_cK.P.Chattopadhyay
260 _aCalcutta
_bFirma K.L.Mukhopadhyay
_c1970
300 _a114 p.
_b ill.
504 _aIncludes index
650 _aAncient Indian History
850 _aLCLIB
942 _cBK
999 _c9214
_d59693